[Event "BCF-chT4 0203 (4NCL)"]
[Site "Telford"]
[Date "2003.03.08"]
[Round "5.6"]
[White "Cutmore, David M"]
[Black "Thomas, Jac"]
[Result "1-0"]
[WhiteElo "1848"]
[BlackElo "1406"]
[PlyCount "79"]
[EventDate "2002.11.??"]
[EventType "team"]
[EventRounds "7"]
[EventCountry "ENG"]
[SourceTitle "EXT 2004"]
[Source "ChessBase"]
[SourceDate "2003.11.25"]
[SourceVersion "1"]
[SourceVersionDate "2003.11.25"]
[SourceQuality "1"]
[WhiteTeam "Wood Green III"]
[BlackTeam "Nidum Knights II"]
[WhiteTeamCountry "ENG"]
[BlackTeamCountry "ENG"]

1. d4 g6 2. c4 Bg7 3. e4 d6 4. Nc3 Nd7 5. f4 Ngf6 6. Nf3 0-0 7. Bd3 c5 8. d5 Ne8 9. 0-0 e5 10. f5 h6 11. h4 Kh7 12. g4 Ndf6 13. g5 Ng8 14. Ne2 f6 15. Ng3 Ne7 16. h5 gxf5 17. g6+ Kg8 18. exf5 Bd7 19. Nh2 a6 20. Ng4 Kh8 21. Bxh6 Ng8 22. Bxg7+ Kxg7 23. Qd2 Qe7 24. h6+ Kh8 25. h7 Nh6 26. Nxh6 Ng7 27. Qh2 Be8 28. Ne4 Qd8 29. Qh4 b5 30. b3 Rb8 31. Ng4 Bd7 32. Nxd6 Be8 33. Ne4 Bd7 34. Nh6 Be8 35. Ng4 Bd7 36. Ng3 Rb6 37. Rad1 Qe7 38. Nh6 Be8 39. Ne4 b4 40. Qf2 1-0

[Event "BCF-chT4 0203 (4NCL)"]
[Site "Telford"]
[Date "2003.01.18"]
[Round "3.6"]
[White "Pym, Thomas TW"]
[Black "Cutmore, David M"]
[Result "1-0"]
[WhiteElo "1998"]
[BlackElo "1848"]
[PlyCount "89"]
[EventDate "2002.11.??"]
[EventType "team"]
[EventRounds "7"]
[EventCountry "ENG"]
[SourceTitle "EXT 2004"]
[Source "ChessBase"]
[SourceDate "2003.11.25"]
[SourceVersion "1"]
[SourceVersionDate "2003.11.25"]
[SourceQuality "1"]
[WhiteTeam "Hilsmark Kingfisher"]
[BlackTeam "Wood Green III"]
[WhiteTeamCountry "ENG"]
[BlackTeamCountry "ENG"]

1. e4 Nf6 2. e5 Nd5 3. d4 d6 4. c4 Nb6 5. exd6 cxd6 6. Nc3 g6 7. Be3 Bg7 8. Nf3 0-0 9. Be2 Nc6 10. 0-0 Nd7 11. Rc1 e5 12. d5 Ne7 13. Ne4 Nf5 14. b4 Nxe3 15. fxe3 Bh6 16. Qb3 Qb6 17. Rc3 a5 18. bxa5 Qxa5 19. Nxd6 Qxa2 20. Qxa2 Rxa2 21. Bd1 f5 22. c5 e4 23. Nd4 Ne5 24. Ne6 Bxe6 25. dxe6 Nd3 26. e7 Bxe3+ 27. Kh1 Nf2+ 28. Rxf2 Rxf2 29. Bb3+ Kg7 30. exf8Q+ Kxf8 31. g3 Rf1+ 32. Kg2 Rg1+ 33. Kh3 Bd2 34. Rc2 e3 35. Bc4 Rb1 36. Ra2 Rb4 37. Ra8+ Ke7 38. Re8+ Kf6 39. Re6+ Kg7 40. Be2 Bc1 41. Re7+ Kf6 42. Rxb7 Rd4 43. c6 Rxd6 44. c7 Rc6 45. Rb6 1-0

[Event "BCF-chT4 0203 (4NCL)"]
[Site "Telford"]
[Date "2002.11.09"]
[Round "1.6"]
[White "Roberson, Peter T"]
[Black "Cutmore, David M"]
[Result "1/2-1/2"]
[WhiteElo "1792"]
[BlackElo "1848"]
[PlyCount "73"]
[EventDate "2002.11.??"]
[EventType "team"]
[EventRounds "7"]
[EventCountry "ENG"]
[SourceTitle "EXT 2004"]
[Source "ChessBase"]
[SourceDate "2003.11.25"]
[SourceVersion "1"]
[SourceVersionDate "2003.11.25"]
[SourceQuality "1"]
[WhiteTeam "Slough III"]
[BlackTeam "Wood Green III"]
[WhiteTeamCountry "ENG"]
[BlackTeamCountry "ENG"]

1. e4 Nf6 2. e5 Nd5 3. d4 d6 4. c4 Nb6 5. exd6 cxd6 6. Nc3 g6 7. Be3 Bg7 8. Rc1 0-0 9. b3 Nc6 10. d5 Ne5 11. Be2 a6 12. f4 Ned7 13. Nf3 Nf6 14. 0-0 Nbd7 15. b4 a5 16. a3 axb4 17. axb4 Ra3 18. Bd4 Nh5 19. Ng5 Bxd4+ 20. Qxd4 Ng7 21. Nb5 Nf5 22. Qf2 Ra2 23. g4 Ng7 24. Ra1 Rxa1 25. Rxa1 Qb6 26. h3 Qxf2+ 27. Kxf2 Nb6 28. Ra3 Bd7 29. Nd4 Rc8 30. Ra7 Rc7 31. Ke3 h6 32. Ne4 f5 33. Nd2 Kf7 34. Ra1 Rc8 35. Ra7 Rc7 36. Ra1 Bc8 37. Ra7 1/2-1/2